|
|
|
|
| LEADER |
01982nam a2200469 a 4500 |
| 001 |
nkc20122431603 |
| 003 |
CZ PrNK |
| 005 |
20130513082406.0 |
| 007 |
ta |
| 008 |
121212s2012 xr a e p 000 0 cze |
| 015 |
|
|
|a cnb002431603
|
| 020 |
|
|
|a 978-80-7290-587-4
|q (brož.)
|
| 035 |
|
|
|a (OCoLC)827262271
|
| 040 |
|
|
|a ABA001
|b cze
|d OLA001
|
| 072 |
|
7 |
|a 37
|x Výchova a vzdělávání
|2 Konspekt
|9 22
|
| 072 |
|
7 |
|a 37.016
|x Učební osnovy. Vyučovací předměty. Učebnice
|2 Konspekt
|9 22
|
| 080 |
|
|
|a 37.015.3
|2 MRF
|
| 080 |
|
|
|a 316.6
|2 MRF
|
| 080 |
|
|
|a (075.8)
|2 MRF
|
| 100 |
1 |
|
|a Hadj-Moussová, Zuzana,
|d 1943-
|7 jn99240000253
|4 aut
|
| 245 |
1 |
0 |
|a Pedagogická a sociální psychologie /
|c Zuzana Hadj Moussová
|
| 260 |
|
|
|a Praha :
|b Univerzita Karlova v Praze, Pedagogická fakulta,
|c 2012
|
| 300 |
|
|
|a 126 s. ;
|c 21 cm
|
| 490 |
1 |
|
|a Texty pro distanční vzdělávání
|
| 500 |
|
|
|a Pod názvem: ÚPRPŠ
|
| 504 |
|
|
|a Obsahuje bibliografii
|
| 650 |
0 |
7 |
|a pedagogická psychologie
|7 ph124012
|2 czenas
|
| 650 |
0 |
7 |
|a sociální psychologie
|7 ph116212
|2 czenas
|
| 650 |
0 |
9 |
|a educational psychology
|2 eczenas
|
| 650 |
0 |
9 |
|a social psychology
|2 eczenas
|
| 655 |
|
7 |
|a učebnice vysokých škol
|7 fd133772
|2 czenas
|
| 655 |
|
9 |
|a textbooks (higher)
|2 eczenas
|
| 710 |
2 |
|
|a Univerzita Karlova.
|b Ústav profesního rozvoje pracovníků ve školství
|7 kn20030828006
|
| 810 |
2 |
|
|a Univerzita Karlova.
|t Texty pro distanční studium
|0 s
|
| 910 |
2 |
|
|a BOA001
|b 2-1297.293
|
| 990 |
|
|
|a BK
|
| 995 |
|
|
|a 01
|
| 991 |
|
|
|b 201301
|c NOV
|e n
|
| 996 |
6 |
|
|b 2610531866
|c 2-1297.293
|l MZK
|r Sklad / do 1 hodiny
|n 7
|p p.v.
|w 001306925
|u 000010
|a 1
|e BOA001
|j MZK50
|s P
|
| 996 |
7 |
|
|b 2610543401
|c 2-1297.293
|l MZK
|r Sklad / do 1 hodiny
|n 21
|p kup ;
|w 001306925
|u 000020
|a 1
|e BOA001
|j MZK50
|s A
|
| 996 |
7 |
|
|b 2610543402
|c 2-1297.293
|l MZK
|r Sklad / do 1 hodiny
|n 14
|p kup
|w 001306925
|u 000030
|a 1
|e BOA001
|j MZK50
|s A
|
| 996 |
7 |
|
|b 2610548919
|c 2-1297.293
|l MZK
|r Sklad / do 1 hodiny
|n 8
|p kup
|w 001306925
|u 000040
|a 1
|e BOA001
|j MZK50
|s A
|